000 00698nam a22002057i 4500
003 URS
336 _atext
_btxt
_2rdacontent
337 _aunmediated
_bn
_2rdamedia
338 _avolume
_bnc
_2rdacarrier
999 _c8703
_d8703
005 20220114153458.0
008 190119b ||||| |||| 00| 0 eng d
020 _a9716857733
040 _beng
_erda
_cURS Pililla Library
082 _a371.10076
_bC73 2014
100 1 _aMartinez, Ronnie Llena
_eAuthor
245 1 0 _aLET Comprehensive Reviewer Based on NCBTS and Table of Specifications (TOS)
_bGeneral Education Mathematics
_cRonnie Llena Martinez
264 1 _aQuezon City
_bLorimar Pub.,Inc.
_c2014.
300 _a101 pages:
_billustration;
_c25 cm.
942 _2ddc
_cF